Estadísticas para Países que comienzan con L

Haz click aquí para tomar la prueba!

Estadísticas generales

  • Esta prueba ha sido tomada 6,548 veces
  • La puntuación promedio es 7 de 9

Estadísticas de respuestas

País % Correcto
Lituania
90%
Líbano
88%
Letonia
87%
Laos
83%
Libia
80%
Liberia
78%
Luxemburgo
75%
Liechtenstein
70%
Lesoto
66%

Distribución de puntuación

Porcentaje por número respondido

Porcentaje de gente con cada puntuación

Historial de tus puntuaciones

No has tomado esta prueba